Consequences of antisymmetry : headed relative clauses

Αποθηκεύτηκε σε:
Λεπτομέρειες βιβλιογραφικής εγγραφής
Κύριος συγγραφέας: Bianchi, Valentina 1969-
Μορφή: Βιβλίο
Γλώσσα:English
Δημοσίευση: Berlin ; New York : Mouton de Gruyter, 1999
Σειρά:Studies in generative grammar ; ; 46
Θέματα:
Ετικέτες: Προσθήκη ετικέτας
Δεν υπάρχουν, Καταχωρήστε ετικέτα πρώτοι!

MARC

LEADER 00000nam a2200000 i 4500
001 1/85578
008 080519s1999 eng d
020 |a 3-11-016250-4 (hbk.) 
035 |l 10097454 
040 |a GR-MY-UA  |b gre  |e aacr 
041 0 |a eng 
082 0 |a 415  |2 (22) 
100 1 |a Bianchi, Valentina  |d 1969- 
245 1 0 |a Consequences of antisymmetry :  |b headed relative clauses /  |c by Valentina Bianchi 
260 |a Berlin ; New York :   |b Mouton de Gruyter,   |c 1999 
300 |a xiii, 357 σ.;  |c 23 εκ. 
490 1 |a Studies in generative grammar  |v ; 46 
504 |a Βιβλιογραφία: σ. [333]-354. Ευρετήριο 
650 0 0 |a Generative grammar. 
650 0 0 |a Asymmetry (Linguistics) 
650 0 0 |a Grammar, Comparative and general  |x Relative clauses. 
830 0 |a Studies in generative grammar ;  |v ; 46 
852 |a INST  |b RHODES  |e 20080519  |h 415 BIA  |p 005400029071  |q 005400029071  |t BK  |y 0 
901 |a BIBL4-2008-2 
909 |a Ρ  |b 152633 
922 |a 4ΕΛΗ  |b 200803  |c ΕΠΕΑΕΚ2/ΤΜΣ  |d ΕΛΕΥΘΕΡΟΥΔΑΚΗΣ 
970 |a ΧΑΡΙΟΠΟΛΙΤΟΥ  |b ΚΩΝΣΤΑΝΤΙΝΑ  |z 2008/05/19